[Event "Irena Warakomska Memorial A"]
[Site "Suwalki"]
[Date "2021.07.29"]
[Round "4"]
[White "Wikar, Martyna"]
[Black "Jankowiak, Piotr"]
[Result "1/2-1/2"]
[Board "32"]
[WhiteElo "2168"]
[WhiteCountry "POL"]
[WhiteFideId "21807663"]
[WhiteEloChange "-4"]
[BlackElo "2039"]
[BlackCountry "POL"]
[BlackFideId "1185250"]
[BlackEloChange "4"]

1. e4 {[%clk 1:28:35]} e5 {[%clk 1:30:56]} 2. Nf3 {[%clk 1:28:59]} Nf6 {[%clk
1:31:18]} 3. Nxe5 {[%clk 1:29:18]} d6 {[%clk 1:31:43]} 4. Nf3 {[%clk 1:29:44]}
Nxe4 {[%clk 1:32:07]} 5. Nc3 {[%clk 1:30:09]} Nxc3 {[%clk 1:32:32]} 6. dxc3
{[%clk 1:30:33]} Be7 {[%clk 1:32:55]} 7. Bf4 {[%clk 1:29:54]} Nc6 {[%clk
1:32:40]} 8. Qd2 {[%clk 1:29:29]} Be6 {[%clk 1:32:58]} 9. Bd3 {[%clk 1:21:29]} h6
{[%clk 1:25:01]} 10. O-O-O {[%clk 1:17:50]} Qd7 {[%clk 1:25:21]} 11. Rhe1 {[%clk
1:16:00]} O-O-O {[%clk 1:19:31]} 12. Kb1 {[%clk 1:15:44]} a6 {[%clk 1:00:41]} 13.
Qe2 {[%clk 1:06:56]} Kb8 {[%clk 0:56:29]} 14. Be3 {[%clk 1:04:21]} Qc8 {[%clk
0:52:31]} 15. Nd4 {[%clk 1:02:25]} Nxd4 {[%clk 0:33:23]} 16. Bxd4 {[%clk
0:59:52]} Rhg8 {[%clk 0:32:51]} 17. f4 {[%clk 0:58:37]} c5 {[%clk 0:25:21]} 18.
f5 {[%clk 0:46:24]} Bxf5 {[%clk 0:24:30]} 19. Qxe7 {[%clk 0:38:36]} cxd4 {[%clk
0:24:36]} 20. Qxf7 {[%clk 0:37:26]} Bxd3 {[%clk 0:21:59]} 21. Rxd3 {[%clk
0:36:42]} Rd7 {[%clk 0:19:34]} 22. Qg6 {[%clk 0:26:24]} dxc3 {[%clk 0:19:00]} 23.
Rxc3 {[%clk 0:26:42]} Qd8 {[%clk 0:18:34]} 24. Rce3 {[%clk 0:26:01]} Ka7 {[%clk
0:18:28]} 25. Re6 {[%clk 0:24:59]} Rf8 {[%clk 0:17:15]} 26. a3 {[%clk 0:22:58]}
Rf2 {[%clk 0:15:45]} 27. Qg3 {[%clk 0:21:09]} Rff7 {[%clk 0:12:31]} 28. Rd1
{[%clk 0:18:29]} d5 {[%clk 0:11:49]} 29. Qe5 {[%clk 0:15:05]} Rfe7 {[%clk
0:08:09]} 30. Rxd5 {[%clk 0:10:55]} Rxe6 {[%clk 0:03:01]} 31. Qd4+ {[%clk
0:11:18]} Qb6 {[%clk 0:02:42]} 32. Qxb6+ {[%clk 0:11:23]} Kxb6 {[%clk 0:03:03]}
33. Rxd7 {[%clk 0:11:48]} Rg6 {[%clk 0:01:19]} 34. g3 {[%clk 0:11:58]} Kc6 {[%clk
0:01:29]} 35. Rf7 {[%clk 0:11:31]} b6 {[%clk 0:00:54]} 36. Kc1 {[%clk 0:10:16]}
h5 {[%clk 0:00:55]} 37. Rf4 {[%clk 0:09:53]} Rd6 {[%clk 0:00:42]} 38. Rf5 {[%clk
0:09:20]} g6 {[%clk 0:00:49]} 39. Re5 {[%clk 0:08:27]} Rf6 {[%clk 0:00:48]} 40.
Kd2 {[%clk 0:34:42]} Kd6 {[%clk 0:30:54]} 41. Re8 {[%clk 0:33:00]} Rf1 {[%clk
0:19:21]} 42. Kd3 {[%clk 0:23:10]} Rd1+ {[%clk 0:17:20]} 43. Kc3 {[%clk 0:23:21]}
Rh1 {[%clk 0:13:11]} 44. Re2 {[%clk 0:22:26]} Kd5 {[%clk 0:09:53]} 45. Kd3 {[%clk
0:22:47]} b5 {[%clk 0:09:30]} 46. Ke3 {[%clk 0:21:44]} g5 {[%clk 0:08:02]} 47.
Kf3 {[%clk 0:21:05]} Rf1+ {[%clk 0:07:37]} 48. Rf2 {[%clk 0:19:13]} Rb1 {[%clk
0:07:19]} 49. g4 {[%clk 0:16:56]} h4 {[%clk 0:06:25]} 50. b3 {[%clk 0:08:00]} Kd4
{[%clk 0:05:46]} 51. b4 {[%clk 0:07:14]} Ra1 {[%clk 0:04:56]} 52. Rd2+ {[%clk
0:05:18]} Ke5 {[%clk 0:02:15]} 53. Rd3 {[%clk 0:04:48]} Rf1+ {[%clk 0:01:52]} 54.
Kg2 {[%clk 0:04:06]} Rc1 {[%clk 0:00:53]} 55. Rc3 {[%clk 0:04:05]} Kf4 {[%clk
0:00:50]} 56. h3 {[%clk 0:03:54]} Rd1 {[%clk 0:00:48]} 57. Rf3+ {[%clk 0:03:04]}
1/2-1/2

[Event "Irena Warakomska Memorial A"]
[Site "Suwalki"]
[Date "2021.07.29"]
[Round "4"]
[White "Parol, Pola"]
[Black "Kumala, Aleksander"]
[Result "1/2-1/2"]
[Board "33"]
[WhiteElo "2111"]
[WhiteTitle "WFM"]
[WhiteCountry "POL"]
[WhiteFideId "1163116"]
[WhiteEloChange "3"]
[BlackElo "2206"]
[BlackTitle "CM"]
[BlackCountry "POL"]
[BlackFideId "1141880"]
[BlackEloChange "-3"]

1. e4 {[%clk 1:30:57]} d5 {[%clk 1:30:55]} 2. exd5 {[%clk 1:31:12]} Qxd5 {[%clk
1:31:18]} 3. Nc3 {[%clk 1:31:04]} Qd8 {[%clk 1:31:41]} 4. d4 {[%clk 1:31:03]} Nf6
{[%clk 1:32:04]} 5. Nf3 {[%clk 1:31:02]} g6 {[%clk 1:32:23]} 6. Bc4 {[%clk
1:30:07]} Bg7 {[%clk 1:32:46]} 7. O-O {[%clk 1:29:34]} O-O {[%clk 1:33:04]} 8. h3
{[%clk 1:28:30]} Nc6 {[%clk 1:33:11]} 9. a3 {[%clk 1:23:33]} e6 {[%clk 1:33:35]}
10. Bg5 {[%clk 1:21:35]} h6 {[%clk 1:33:53]} 11. Bh4 {[%clk 1:16:01]} b6 {[%clk
1:29:12]} 12. Re1 {[%clk 0:59:06]} Bb7 {[%clk 1:28:47]} 13. Bg3 {[%clk 0:52:31]}
a6 {[%clk 1:24:59]} 14. Ba2 {[%clk 0:46:29]} Ne7 {[%clk 1:25:04]} 15. Be5 {[%clk
0:44:48]} Nf5 {[%clk 1:21:37]} 16. Nh2 {[%clk 0:40:49]} Rc8 {[%clk 1:18:31]} 17.
Ne2 {[%clk 0:39:35]} c5 {[%clk 1:11:16]} 18. c3 {[%clk 0:38:35]} h5 {[%clk
0:52:04]} 19. Nf1 {[%clk 0:33:13]} h4 {[%clk 0:47:00]} 20. Nd2 {[%clk 0:27:21]}
Bh6 {[%clk 0:43:52]} 21. Nf1 {[%clk 0:22:17]} Nh5 {[%clk 0:41:50]} 22. Nh2 {[%clk
0:19:36]} c4 {[%clk 0:36:25]} 23. Ng4 {[%clk 0:17:18]} Bg5 {[%clk 0:33:56]} 24.
Bb1 {[%clk 0:14:57]} Bxg2 {[%clk 0:26:05]} 25. Kxg2 {[%clk 0:12:53]} f6 {[%clk
0:25:13]} 26. Bh2 {[%clk 0:12:38]} Qd5+ {[%clk 0:22:20]} 27. f3 {[%clk 0:06:40]}
Ne3+ {[%clk 0:21:00]} 28. Nxe3 {[%clk 0:07:08]} Bxe3 {[%clk 0:21:26]} 29. Qc2
{[%clk 0:05:12]} Qg5+ {[%clk 0:15:50]} 30. Kh1 {[%clk 0:05:07]} f5 {[%clk
0:14:59]} 31. f4 {[%clk 0:03:54]} Nxf4 {[%clk 0:13:01]} 32. Nxf4 {[%clk 0:03:25]}
Bxf4 {[%clk 0:13:28]} 33. Bxf4 {[%clk 0:02:25]} Qxf4 {[%clk 0:13:55]} 34. Qh2
{[%clk 0:02:12]} Qxh2+ {[%clk 0:11:18]} 35. Kxh2 {[%clk 0:02:41]} Kf7 {[%clk
0:11:44]} 36. Bc2 {[%clk 0:02:29]} g5 {[%clk 0:10:30]} 37. Re5 {[%clk 0:02:26]}
Rcd8 {[%clk 0:06:49]} 38. Rae1 {[%clk 0:02:24]} Rd6 {[%clk 0:06:45]} 39. Bd1
{[%clk 0:02:23]} Rg8 {[%clk 0:06:44]} 40. Rg1 {[%clk 0:31:21]} Kf6 {[%clk
0:36:41]} 41. Bf3 {[%clk 0:28:11]} Rg7 {[%clk 0:31:55]} 42. Be2 {[%clk 0:23:43]}
Rc7 {[%clk 0:31:58]} 43. Re1 {[%clk 0:23:29]} b5 {[%clk 0:31:14]} 44. Bd1 {[%clk
0:23:40]} Rg7 {[%clk 0:29:39]} 45. Bc2 {[%clk 0:23:07]} g4 {[%clk 0:25:11]} 46.
d5 {[%clk 0:22:07]} g3+ {[%clk 0:23:12]} 47. Kg2 {[%clk 0:21:26]} Rxd5 {[%clk
0:23:37]} 48. Rxe6+ {[%clk 0:20:57]} Kg5 {[%clk 0:24:04]} 49. R1e2 {[%clk
0:19:05]} a5 {[%clk 0:22:59]} 50. Kf3 {[%clk 0:16:50]} b4 {[%clk 0:20:48]} 51.
R2e5 {[%clk 0:09:12]} Rxe5 {[%clk 0:15:49]} 52. Rxe5 {[%clk 0:09:39]} b3 {[%clk
0:16:07]} 53. Rxf5+ {[%clk 0:02:16]} Kh6 {[%clk 0:15:41]} 54. Rf6+ {[%clk
0:02:39]} Kg5 {[%clk 0:15:32]} 55. Rf5+ {[%clk 0:03:03]} Kh6 {[%clk 0:15:57]} 56.
Rf6+ {[%clk 0:02:47]} Kg5 {[%clk 0:16:08]} 57. Ke4 {[%clk 0:03:00]} 1/2-1/2

[Event "Irena Warakomska Memorial A"]
[Site "Suwalki"]
[Date "2021.07.29"]
[Round "4"]
[White "Shilov, Sergej"]
[Black "Dylag, Emilia"]
[Result "1-0"]
[Board "34"]
[WhiteElo "2197"]
[WhiteTitle "FM"]
[WhiteCountry "UKR"]
[WhiteFideId "14101505"]
[WhiteEloChange "8"]
[BlackElo "2144"]
[BlackTitle "WFM"]
[BlackCountry "POL"]
[BlackFideId "21805172"]
[BlackEloChange "-8"]

1. e4 {[%clk 1:30:53]} e5 {[%clk 1:30:53]} 2. Nf3 {[%clk 1:31:08]} Nc6 {[%clk
1:31:17]} 3. d4 {[%clk 1:30:53]} exd4 {[%clk 1:31:15]} 4. Bb5 {[%clk 1:31:12]} a6
{[%clk 1:27:09]} 5. Ba4 {[%clk 1:30:18]} Bc5 {[%clk 1:23:27]} 6. O-O {[%clk
1:30:09]} Nge7 {[%clk 1:22:08]} 7. c3 {[%clk 1:30:01]} dxc3 {[%clk 1:19:05]} 8.
Nxc3 {[%clk 1:30:25]} d6 {[%clk 1:17:57]} 9. Bg5 {[%clk 1:20:14]} O-O {[%clk
1:12:43]} 10. Nd5 {[%clk 1:15:54]} f6 {[%clk 1:08:47]} 11. b4 {[%clk 1:12:26]}
Ba7 {[%clk 1:05:57]} 12. Bb3 {[%clk 1:11:34]} Kh8 {[%clk 1:00:32]} 13. Bf4 {[%clk
1:06:06]} Ng6 {[%clk 0:56:01]} 14. Bg3 {[%clk 0:56:24]} Bg4 {[%clk 0:49:28]} 15.
h3 {[%clk 0:55:16]} Bh5 {[%clk 0:49:34]} 16. Bh2 {[%clk 0:54:16]} Nge5 {[%clk
0:47:00]} 17. g4 {[%clk 0:48:27]} Bg6 {[%clk 0:43:43]} 18. Re1 {[%clk 0:45:25]}
Qd7 {[%clk 0:38:18]} 19. Nh4 {[%clk 0:40:04]} Nd4 {[%clk 0:33:27]} 20. Kg2 {[%clk
0:39:06]} c6 {[%clk 0:31:32]} 21. Nf4 {[%clk 0:38:15]} Bf7 {[%clk 0:26:13]} 22.
Bxf7 {[%clk 0:37:30]} Qxf7 {[%clk 0:26:23]} 23. Ne2 {[%clk 0:37:19]} Qc4 {[%clk
0:23:12]} 24. Nxd4 {[%clk 0:33:19]} Bxd4 {[%clk 0:23:19]} 25. Rc1 {[%clk
0:30:42]} Qxb4 {[%clk 0:22:48]} 26. Nf5 {[%clk 0:27:22]} Bc5 {[%clk 0:21:01]} 27.
Rb1 {[%clk 0:26:42]} Qa3 {[%clk 0:18:51]} 28. Rxb7 {[%clk 0:26:08]} g6 {[%clk
0:18:02]} 29. Bxe5 {[%clk 0:24:21]} gxf5 {[%clk 0:10:50]} 30. Bb2 {[%clk
0:11:01]} Qxa2 {[%clk 0:10:27]} 31. exf5 {[%clk 0:11:00]} Rf7 {[%clk 0:09:07]}
32. Rxf7 {[%clk 0:11:05]} Qxf7 {[%clk 0:08:53]} 33. Re6 {[%clk 0:11:27]} Kg8
{[%clk 0:08:55]} 34. Qe2 {[%clk 0:11:20]} Rb8 {[%clk 0:08:54]} 35. Bxf6 {[%clk
0:11:09]} a5 {[%clk 0:08:58]} 36. Qd2 {[%clk 0:10:42]} a4 {[%clk 0:07:31]} 37.
Qg5+ {[%clk 0:10:36]} Kf8 {[%clk 0:07:57]} 38. Be7+ {[%clk 0:09:54]} Ke8 {[%clk
0:08:22]} 39. Bxd6+ {[%clk 0:09:56]} Qxe6 {[%clk 0:08:46]} 40. fxe6 {[%clk
0:40:20]} Bxd6 {[%clk 0:39:12]} 41. Qg8+ {[%clk 0:40:35]} 1-0

[Event "Irena Warakomska Memorial A"]
[Site "Suwalki"]
[Date "2021.07.29"]
[Round "4"]
[White "Parol, Pawel"]
[Black "Kukula, Pawel"]
[Result "1-0"]
[Board "35"]
[WhiteElo "2144"]
[WhiteCountry "POL"]
[WhiteFideId "1119826"]
[WhiteEloChange "11"]
[BlackElo "2195"]
[BlackCountry "POL"]
[BlackFideId "1115081"]
[BlackEloChange "-11"]

1. d4 {[%clk 1:30:54]} d5 {[%clk 1:30:52]} 2. c4 {[%clk 1:31:03]} c6 {[%clk
1:30:39]} 3. Nf3 {[%clk 1:30:41]} Nf6 {[%clk 1:30:50]} 4. e3 {[%clk 1:30:33]} e6
{[%clk 1:29:48]} 5. b3 {[%clk 1:28:03]} Nbd7 {[%clk 1:29:55]} 6. Bb2 {[%clk
1:27:39]} Ne4 {[%clk 1:28:48]} 7. Bd3 {[%clk 1:23:43]} f5 {[%clk 1:28:57]} 8. O-O
{[%clk 1:20:53]} Bd6 {[%clk 1:29:19]} 9. Nbd2 {[%clk 1:18:01]} O-O {[%clk
1:29:33]} 10. Qc1 {[%clk 1:11:50]} Qe7 {[%clk 1:19:47]} 11. a4 {[%clk 1:10:16]}
g5 {[%clk 1:14:39]} 12. Ba3 {[%clk 0:45:22]} Bxa3 {[%clk 1:14:34]} 13. Qxa3
{[%clk 0:44:57]} Qxa3 {[%clk 1:13:48]} 14. Rxa3 {[%clk 0:45:18]} g4 {[%clk
1:13:53]} 15. Bxe4 {[%clk 0:45:20]} fxe4 {[%clk 1:11:47]} 16. Ne1 {[%clk
0:36:03]} e5 {[%clk 1:06:53]} 17. Nc2 {[%clk 0:30:43]} exd4 {[%clk 1:06:54]} 18.
exd4 {[%clk 0:24:23]} Nf6 {[%clk 1:07:05]} 19. Ne3 {[%clk 0:18:36]} Be6 {[%clk
1:05:43]} 20. c5 {[%clk 0:09:29]} Rf7 {[%clk 1:03:33]} 21. b4 {[%clk 0:09:07]}
Raf8 {[%clk 1:02:27]} 22. b5 {[%clk 0:07:32]} Bd7 {[%clk 0:57:54]} 23. b6 {[%clk
0:04:00]} a6 {[%clk 0:53:36]} 24. Rc3 {[%clk 0:01:37]} h5 {[%clk 0:50:38]} 25. g3
{[%clk 0:01:13]} Nh7 {[%clk 0:50:57]} 26. Ng2 {[%clk 0:01:07]} Ng5 {[%clk
0:49:55]} 27. Nf4 {[%clk 0:00:46]} Rxf4 {[%clk 0:47:13]} 28. gxf4 {[%clk
0:01:10]} Ne6 {[%clk 0:47:22]} 29. Nb3 {[%clk 0:01:08]} Nxf4 {[%clk 0:47:44]} 30.
Re1 {[%clk 0:00:53]} Nh3+ {[%clk 0:47:58]} 31. Rxh3 {[%clk 0:00:50]} gxh3 {[%clk
0:48:23]} 32. Re3 {[%clk 0:00:36]} h4 {[%clk 0:48:40]} 33. f3 {[%clk 0:00:33]}
Rf4 {[%clk 0:41:44]} 34. Nd2 {[%clk 0:00:37]} exf3 {[%clk 0:29:44]} 35. Nxf3
{[%clk 0:01:05]} Bf5 {[%clk 0:26:46]} 36. Ne5 {[%clk 0:01:12]} Rxd4 {[%clk
0:26:17]} 37. Nxc6 {[%clk 0:01:09]} Rd1+ {[%clk 0:21:06]} 38. Kf2 {[%clk
0:01:41]} Be4 {[%clk 0:19:15]} 39. Re1 {[%clk 0:01:03]} Rd2+ {[%clk 0:16:59]} 40.
Re2 {[%clk 0:31:15]} Rd1 {[%clk 0:43:21]} 41. Ne7+ {[%clk 0:03:18]} Kf7 {[%clk
0:43:04]} 42. c6 {[%clk 0:03:24]} bxc6 {[%clk 0:43:25]} 43. Rb2 {[%clk 0:02:55]}
d4 {[%clk 0:43:34]} 44. b7 {[%clk 0:02:26]} 1-0

[Event "Irena Warakomska Memorial A"]
[Site "Suwalki"]
[Date "2021.07.29"]
[Round "4"]
[White "Lach, Aleksandra"]
[Black "Derylo, Kamil"]
[Result "1/2-1/2"]
[Board "36"]
[WhiteElo "2183"]
[WhiteTitle "WIM"]
[WhiteCountry "POL"]
[WhiteFideId "1134299"]
[WhiteEloChange "-3"]
[BlackElo "2062"]
[BlackCountry "POL"]
[BlackFideId "21846596"]
[BlackEloChange "3"]

1. e4 {[%clk 1:30:51]} c6 {[%clk 1:25:03]} 2. Nc3 {[%clk 1:30:35]} d5 {[%clk
1:25:26]} 3. Nf3 {[%clk 1:30:51]} dxe4 {[%clk 1:25:02]} 4. Nxe4 {[%clk 1:31:14]}
Nf6 {[%clk 1:25:25]} 5. Qe2 {[%clk 1:31:39]} Nxe4 {[%clk 1:23:26]} 6. Qxe4 {[%clk
1:28:02]} Nd7 {[%clk 1:15:37]} 7. Bc4 {[%clk 1:27:49]} Nf6 {[%clk 1:15:09]} 8.
Ne5 {[%clk 1:27:31]} e6 {[%clk 1:14:56]} 9. Qe2 {[%clk 1:27:52]} Be7 {[%clk
1:13:41]} 10. c3 {[%clk 1:25:43]} O-O {[%clk 1:12:25]} 11. d4 {[%clk 1:21:40]}
Nd5 {[%clk 1:08:05]} 12. O-O {[%clk 1:16:04]} Qc7 {[%clk 1:07:11]} 13. Bd3 {[%clk
1:10:04]} c5 {[%clk 1:04:56]} 14. dxc5 {[%clk 0:53:13]} Qxc5 {[%clk 1:02:33]} 15.
Rd1 {[%clk 0:45:32]} Bd6 {[%clk 0:56:27]} 16. Nc4 {[%clk 0:43:32]} Bc7 {[%clk
0:55:00]} 17. Qh5 {[%clk 0:38:52]} f5 {[%clk 0:53:20]} 18. a4 {[%clk 0:31:20]} e5
{[%clk 0:50:37]} 19. b4 {[%clk 0:27:24]} Qe7 {[%clk 0:48:44]} 20. Bg5 {[%clk
0:24:19]} Qe8 {[%clk 0:46:52]} 21. Qxe8 {[%clk 0:24:19]} Rxe8 {[%clk 0:47:20]}
22. Na3 {[%clk 0:17:44]} Be6 {[%clk 0:44:23]} 23. Bxf5 {[%clk 0:11:52]} Nxc3
{[%clk 0:43:16]} 24. Bxe6+ {[%clk 0:12:19]} Rxe6 {[%clk 0:43:38]} 25. Rd7 {[%clk
0:12:34]} Rc8 {[%clk 0:41:34]} 26. Nb5 {[%clk 0:06:26]} Nxb5 {[%clk 0:32:07]} 27.
axb5 {[%clk 0:06:55]} Bb6 {[%clk 0:24:40]} 28. Rxb7 {[%clk 0:05:50]} Rc4 {[%clk
0:24:02]} 29. Be3 {[%clk 0:02:37]} Rxb4 {[%clk 0:24:04]} 30. Bxb6 {[%clk
0:02:31]} Rxb6 {[%clk 0:24:02]} 31. Rbxa7 {[%clk 0:02:13]} R4xb5 {[%clk 0:24:10]}
32. f3 {[%clk 0:02:02]} Rb7 {[%clk 0:24:11]} 33. Rxb7 {[%clk 0:01:37]} Rxb7
{[%clk 0:24:36]} 34. Ra5 {[%clk 0:01:59]} Re7 {[%clk 0:25:01]} 35. Ra4 {[%clk
0:02:11]} Kf7 {[%clk 0:25:08]} 36. Kf2 {[%clk 0:02:39]} Rb7 {[%clk 0:25:09]} 37.
g4 {[%clk 0:02:05]} Rb6 {[%clk 0:24:23]} 38. h4 {[%clk 0:02:08]} Kf6 {[%clk
0:24:16]} 39. Ra7 {[%clk 0:01:41]} Rc6 {[%clk 0:23:12]} 40. Kg3 {[%clk 0:31:31]}
Rc3 {[%clk 0:50:57]} 41. Ra6+ {[%clk 0:28:49]} Kf7 {[%clk 0:51:20]} 42. Kf2
{[%clk 0:24:15]} Rb3 {[%clk 0:50:59]} 43. g5 {[%clk 0:16:44]} e4 {[%clk 0:48:26]}
44. fxe4 {[%clk 0:16:41]} Rh3 {[%clk 0:48:49]} 45. Kg2 {[%clk 0:15:09]} Rxh4
{[%clk 0:48:57]} 46. Kf3 {[%clk 0:15:38]} Rh1 {[%clk 0:48:55]} 47. Kf4 {[%clk
0:14:44]} 1/2-1/2

[Event "Irena Warakomska Memorial A"]
[Site "Suwalki"]
[Date "2021.07.29"]
[Round "4"]
[White "Praczukowski, Stanislaw"]
[Black "Maj, Pawel"]
[Result "1/2-1/2"]
[Board "37"]
[WhiteElo "2156"]
[WhiteCountry "POL"]
[WhiteFideId "1182730"]
[WhiteEloChange "-1"]
[BlackElo "2113"]
[BlackCountry "POL"]
[BlackFideId "21818290"]
[BlackEloChange "1"]

1. e4 {[%clk 1:30:57]} c5 {[%clk 1:30:53]} 2. Nf3 {[%clk 1:31:17]} d6 {[%clk
1:31:18]} 3. d4 {[%clk 1:31:43]} cxd4 {[%clk 1:31:43]} 4. Nxd4 {[%clk 1:32:09]}
Nf6 {[%clk 1:32:07]} 5. Nc3 {[%clk 1:32:35]} g6 {[%clk 1:32:32]} 6. Be3 {[%clk
1:32:50]} Bg7 {[%clk 1:32:57]} 7. f3 {[%clk 1:33:16]} O-O {[%clk 1:33:21]} 8. Qd2
{[%clk 1:33:43]} Nc6 {[%clk 1:33:46]} 9. g4 {[%clk 1:33:48]} Be6 {[%clk 1:34:09]}
10. Nxe6 {[%clk 1:33:44]} fxe6 {[%clk 1:34:33]} 11. O-O-O {[%clk 1:33:27]} Ne5
{[%clk 1:34:26]} 12. Be2 {[%clk 1:33:51]} Qc8 {[%clk 1:34:05]} 13. h4 {[%clk
1:32:20]} Nfd7 {[%clk 1:25:09]} 14. h5 {[%clk 1:31:05]} Nxf3 {[%clk 1:17:52]} 15.
Nd5 {[%clk 1:30:17]} exd5 {[%clk 1:02:45]} 16. Qxd5+ {[%clk 1:30:04]} Rf7 {[%clk
1:03:10]} 17. hxg6 {[%clk 1:29:51]} hxg6 {[%clk 1:02:53]} 18. Bxf3 {[%clk
1:28:59]} Qc6 {[%clk 0:55:56]} 19. e5 {[%clk 1:17:25]} Nxe5 {[%clk 0:55:23]} 20.
Qxf7+ {[%clk 1:17:34]} Nxf7 {[%clk 0:54:08]} 21. Bxc6 {[%clk 1:17:59]} bxc6
{[%clk 0:54:34]} 22. Rhf1 {[%clk 1:02:32]} Rb8 {[%clk 0:50:27]} 23. b3 {[%clk
1:01:01]} Rb7 {[%clk 0:50:39]} 24. c4 {[%clk 0:54:50]} Rd7 {[%clk 0:47:11]} 25.
Rf2 {[%clk 0:50:34]} Bf6 {[%clk 0:37:47]} 26. Kc2 {[%clk 0:47:30]} Bg7 {[%clk
0:30:21]} 27. a4 {[%clk 0:43:09]} Rc7 {[%clk 0:24:54]} 28. Bd4 {[%clk 0:22:59]}
e5 {[%clk 0:22:47]} 29. Bc3 {[%clk 0:23:13]} d5 {[%clk 0:22:06]} 30. Ba5 {[%clk
0:22:26]} Rd7 {[%clk 0:21:21]} 31. cxd5 {[%clk 0:22:24]} cxd5 {[%clk 0:21:43]}
32. Kb1 {[%clk 0:22:22]} e4 {[%clk 0:17:13]} 1/2-1/2

[Event "Irena Warakomska Memorial A"]
[Site "Suwalki"]
[Date "2021.07.29"]
[Round "4"]
[White "Kaczmarek, Arkadiusz"]
[Black "Liberadzki, Slawomir"]
[Result "0-1"]
[Board "38"]
[WhiteElo "2147"]
[WhiteCountry "POL"]
[WhiteFideId "1178393"]
[WhiteEloChange "-13"]
[BlackElo "2022"]
[BlackCountry "POL"]
[BlackFideId "1123483"]
[BlackEloChange "13"]

1. d4 {[%clk 1:30:55]} d5 {[%clk 1:30:55]} 2. c4 {[%clk 1:31:10]} e6 {[%clk
1:31:16]} 3. Nf3 {[%clk 1:31:27]} Nf6 {[%clk 1:31:26]} 4. Nc3 {[%clk 1:31:34]}
Be7 {[%clk 1:31:35]} 5. Bf4 {[%clk 1:31:38]} O-O {[%clk 1:31:36]} 6. e3 {[%clk
1:31:51]} b6 {[%clk 1:31:01]} 7. Bd3 {[%clk 1:31:19]} Bb7 {[%clk 1:29:37]} 8.
cxd5 {[%clk 1:30:23]} exd5 {[%clk 1:22:35]} 9. Ne5 {[%clk 1:30:05]} Nbd7 {[%clk
1:19:51]} 10. Qf3 {[%clk 1:30:04]} Nxe5 {[%clk 1:13:16]} 11. Bxe5 {[%clk
1:15:07]} Re8 {[%clk 0:58:23]} 12. O-O {[%clk 1:11:46]} Bd6 {[%clk 0:53:31]} 13.
Bxf6 {[%clk 1:06:05]} Qxf6 {[%clk 0:53:44]} 14. Qxf6 {[%clk 1:06:20]} gxf6 {[%clk
0:54:06]} 15. Nb5 {[%clk 1:06:21]} Red8 {[%clk 0:50:27]} 16. Nxd6 {[%clk
1:06:02]} Rxd6 {[%clk 0:43:29]} 17. Rfc1 {[%clk 1:06:17]} c6 {[%clk 0:40:56]} 18.
b4 {[%clk 1:06:32]} a5 {[%clk 0:26:13]} 19. bxa5 {[%clk 0:58:57]} Rxa5 {[%clk
0:26:04]} 20. Rcb1 {[%clk 0:59:15]} Ba6 {[%clk 0:24:55]} 21. Bf1 {[%clk 0:58:13]}
Bxf1 {[%clk 0:24:04]} 22. Kxf1 {[%clk 0:58:41]} c5 {[%clk 0:22:08]} 23. Ke2
{[%clk 0:42:12]} cxd4 {[%clk 0:12:46]} 24. exd4 {[%clk 0:42:37]} b5 {[%clk
0:12:42]} 25. Rb3 {[%clk 0:36:01]} Rc6 {[%clk 0:07:42]} 26. Kd3 {[%clk 0:30:29]}
Rc4 {[%clk 0:07:02]} 27. a3 {[%clk 0:30:41]} Raa4 {[%clk 0:06:01]} 28. Rxb5
{[%clk 0:30:40]} Rxd4+ {[%clk 0:06:24]} 29. Kc3 {[%clk 0:24:07]} Rac4+ {[%clk
0:05:40]} 30. Kb3 {[%clk 0:24:35]} Rd3+ {[%clk 0:05:49]} 31. Ka2 {[%clk 0:25:04]}
Rc2+ {[%clk 0:05:06]} 32. Rb2 {[%clk 0:25:30]} Rcc3 {[%clk 0:05:15]} 33. Rb8+
{[%clk 0:15:45]} Kg7 {[%clk 0:05:33]} 34. Kb2 {[%clk 0:16:01]} Rc4 {[%clk
0:04:46]} 35. Ra2 {[%clk 0:10:13]} Rd2+ {[%clk 0:04:07]} 36. Ka1 {[%clk 0:10:24]}
Rd1+ {[%clk 0:03:09]} 37. Rb1 {[%clk 0:10:33]} Rdd4 {[%clk 0:03:33]} 38. Rab2
{[%clk 0:09:55]} Rd3 {[%clk 0:03:07]} 39. Ka2 {[%clk 0:09:08]} d4 {[%clk
0:02:45]} 40. Rb3 {[%clk 0:38:10]} Rd2+ {[%clk 0:31:59]} 41. R1b2 {[%clk
0:37:44]} Rd1 {[%clk 0:31:27]} 42. Rb1 {[%clk 0:24:28]} Rd2+ {[%clk 0:30:46]} 43.
R3b2 {[%clk 0:16:18]} Rd3 {[%clk 0:30:43]} 44. Rb4 {[%clk 0:16:35]} Rc2+ {[%clk
0:29:56]} 45. R1b2 {[%clk 0:16:54]} Rc8 {[%clk 0:27:04]} 46. a4 {[%clk 0:16:33]}
Ra8 {[%clk 0:25:13]} 47. Rc4 {[%clk 0:16:40]} Rd1 {[%clk 0:25:10]} 48. Kb3 {[%clk
0:14:12]} d3 {[%clk 0:23:34]} 49. Rd4 {[%clk 0:11:07]} Rb8+ {[%clk 0:22:03]} 50.
Ka3 {[%clk 0:10:56]} Rc8 {[%clk 0:19:33]} 51. Rb3 {[%clk 0:07:21]} Rd2 {[%clk
0:15:10]} 52. Rbxd3 {[%clk 0:05:48]} Rxf2 {[%clk 0:15:31]} 53. Rg3+ {[%clk
0:04:55]} Kf8 {[%clk 0:15:06]} 54. a5 {[%clk 0:03:25]} Rcc2 {[%clk 0:11:28]} 55.
Ra4 {[%clk 0:03:34]} Ra2+ {[%clk 0:11:43]} 56. Kb4 {[%clk 0:03:54]} Rf4+ {[%clk
0:12:04]} 0-1